تقسيم ہند / (Record no. 28741)
[ view plain ]
| 000 -LEADER | |
|---|---|
| fixed length control field | 02512nam a22003137a 4500 |
| 005 - DATE AND TIME OF LATEST TRANSACTION | |
| control field | 20090728145142.0 |
| 008 - FIXED-LENGTH DATA ELEMENTS--GENERAL INFORMATION | |
| fixed length control field | 090728t xxu||||| |||| 00| 0 ur d |
| 010 ## - LCCN (DPL NO) | |
| LC control number | B-347763-768 |
| 020 ## - INTERNATIONAL STANDARD BOOK NUMBER | |
| International Standard Book Number | 9788123753041 |
| Terms of availability | 45.00 |
| 035 ## - SYSTEM CONTROL NUMBER | |
| System control number | B-347763-768 |
| 037 ## - SOURCE OF ACQUISITION | |
| Source of stock number/acquisition | نارتھ انڈيا پبليشرز اينڈ ڈسٹريبيوٹرز |
| 040 ## - CATALOGING SOURCE | |
| Original cataloging agency | dpl |
| Language of cataloging | Udru |
| 082 ## - DEWEY DECIMAL CLASSIFICATION NUMBER | |
| Classification number | 954.082 |
| 100 ## - MAIN ENTRY--PERSONAL NAME | |
| Personal name | انيتا اندر سنگھ |
| 245 ## - TITLE STATEMENT | |
| Title | تقسيم ہند / |
| Statement of responsibility, etc | by انيتا سنگھ مترجم مرزا اے-بی بيگ |
| 246 ## - VARYING FORM OF TITLE | |
| Title proper/short title | Taqseem-e-Hind |
| Remainder of title | by Anita Inder Singh Translated by Mirza A.B.Baig |
| Medium | Urdu |
| 260 ## - PUBLICATION, DISTRIBUTION, ETC. (IMPRINT) | |
| Place of publication, distribution, etc | New Delhi |
| Name of publisher, distributor, etc | National Book Trust of India |
| 270 ## - ADDRESS | |
| Address | Plot No-5,Instiutional area.Phase-2,Vasant Kunj |
| City | New Delhi |
| Postal code | 110070 |
| 300 ## - PHYSICAL DESCRIPTION | |
| Extent | 104p |
| Other physical details | 22c.m.(pbk) |
| 710 ## - ADDED ENTRY--CORPORATE NAME | |
| Corporate name or jurisdiction name as entry element | مرزا -اے -بی -بيگ |
| 942 ## - ADDED ENTRY ELEMENTS (KOHA) | |
| Source of classification or shelving scheme | Dewey Decimal Classification |
| Item type | Urdu Bks |
| Classification part | 954.082 |
| Call number suffix | ا ن ی |
| Withdrawn status | Lost status | Source of classification or shelving scheme | Damaged status | Not for loan | Collection code | Home library | Current library | Date acquired | Source of acquisition | Cost, normal purchase price | Total Checkouts | Full call number | Barcode | Date last seen | Copy number | Cost, replacement price | Koha item type |
|---|---|---|---|---|---|---|---|---|---|---|---|---|---|---|---|---|---|
| Dewey Decimal Classification | Non-fiction | Central Library | Central Library | 28/07/2009 | North India Publishers NIP 32/09/29/06/09/10:31/13/03/09/13/07/09 | 45.00 | 954.082 ا ن ی | B-347763 | 28/07/2009 | 1 | 45.00 | Urdu Bks | |||||
| Dewey Decimal Classification | Non-fiction | Karol Bagh | Karol Bagh | 28/07/2009 | North India Publishers NIP 32/09/29/06/09/10:31/13/03/09/13/07/09 | 45.00 | 954.082 ا ن ی | B-347767 | 28/07/2009 | 1 | 45.00 | Urdu Bks | |||||
| Dewey Decimal Classification | Non-fiction | Patel Nagar | Patel Nagar | 28/07/2009 | North India Publishers NIP 32/09/29/06/09/10:31/13/03/09/13/07/09 | 45.00 | 954.082 ا ن ی | B-347764 | 28/07/2009 | 1 | 45.00 | Urdu Bks | |||||
| Dewey Decimal Classification | Non-fiction | Sarojini Nagar | Sarojini Nagar | 28/07/2009 | North India Publishers NIP 32/09/29/06/09/10:31/13/03/09/13/07/09 | 45.00 | 13 | 954.082 ا ن ی | B-347765 | 27/12/2019 | 1 | 45.00 | Urdu Bks | ||||
| Dewey Decimal Classification | Non-fiction | Shahdara Branch | Shahdara Branch | 28/07/2009 | North India Publishers NIP 32/09/29/06/09/10:31/13/03/09/13/07/09 | 45.00 | 954.082 ا ن ی | B-347768 | 28/07/2009 | 1 | 45.00 | Urdu Bks | |||||
| Dewey Decimal Classification | Non-fiction | Sriniwas Puri | Sriniwas Puri | 28/07/2009 | North India Publishers NIP 32/09/29/06/09/10:31/13/03/09/13/07/09 | 45.00 | 954.082 ا ن ی | B-347766 | 28/07/2009 | 1 | 45.00 | Urdu Bks |
